Brussels Metro stops - Statistics

General Stats
  • This quiz has been taken 726 times
    725 since last reset
  • The average score is 31 of 60
Answer Stats
Line(s) Answer % Correct
1, 2, 5, 6 Arts-Loi/Kunst-Wet
83%
1, 5 Gare centrale/ Centraal station
80%
1, 5 Schuman
79%
2, 6 Elisabeth
76%
2, 6 Gare du Midi/Zuidstation
76%
1, 5 Maelbeek/Maalbeek
73%
1, 5 De Brouckère
72%
1, 2, 5, 6 Gare de l'Ouest/Weststation
72%
1, 5 Parc/Park
72%
2, 6 Porte de Namur/Naamse Poort
69%
2,6 Rogier
69%
2, 6 Louise/Louiza
68%
2, 6 Simonis
68%
1, 5 Merode
67%
6 Heysel/Heizel
65%
1 Montgomery
64%
5 Erasme/Erasmus
63%
2, 6 Porte de Hal/Hallepoort
63%
6 Roi Baudouin/Koning Boudewijn
63%
2, 6 Botanique/Kruidtuin
62%
1 Stockel/Stokkel
62%
2, 6 Trone/Troon
62%
1, 5 Sainte Catherine/Sint-Katelijne
60%
1, 5 Etangs noirs/zwarte vijvers
58%
5 Hermann-Debroux
57%
5 Delta
52%
1, 5 Comte de flandre/Graaf van Vlaanderen
51%
2, 6 Madou
51%
1,2, 5, 6 Beekkant
48%
2, 6 Yser, IJzer
48%
1 Alma
47%
1 Crainhem/Kraainem
47%
5 Pétillon
47%
6 Belgica
46%
5 Eddy Merckx
46%
2, 6 Hotel des Monnaies/Munthof
46%
2, 6 Clemenceau
44%
5 CERIA/COOVI
42%
5 Hankar
42%
1 Joséphine-Charlotte
42%
5 Thieffry
42%
1 Roodebeek
41%
5 Jacques Brel
40%
6 Pannenhuis
39%
2, 6 Ribaucourt
39%
5 Saint-Guidon/Sint-Guido
39%
2, 6 Osseghem/Ossegem
38%
1 Tomberg
38%
2, 6 Delacroix
36%
6 Bockstael
35%
5 La Roue/Het Rad
34%
6 Houba-Brugmann
33%
5 Aumale
32%
1 Gribaumont
32%
5 Beaulieu
31%
5 Demey
31%
1 Vandervelde
30%
6 Stuyvenbergh
26%
5 Veeweyde/Veeweide
26%
5 Bizet
25%
No matching quizzes found
Score Distribution
Percent of People with Each Score
Percentile by Number Answered
Your Score History
You have not taken this quiz since the last reset